00429nam a2200133 a 4500001000500000005001700005008004100022020001800063050001700081100002300098245011300121260003500234300002600269034320140414132016.0040910s19uu xx 00 eng d a0-439-32034-8 aTRbD61 2001 aBennett, Elizabeth aDinofours (activity book) :bCubby buddies /cby Elizabeth Bennett ; illustratons by Hans Wilhem, Ron Fritz. aNew York :bScholastic,c2001. a32 p. : ill. ; cm .